| 000 | nam a22 7a 4500 | ||
|---|---|---|---|
| 999 |
_c127977 _d127977 |
||
| 008 | 180425b xxu||||| |||| 00| 0 eng d | ||
| 050 | _aGN400.R321 | ||
| 100 |
_aRadin, Paul _921222 |
||
| 245 |
_aLe monde de l'homme primitif _c/by Paul Radin |
||
| 260 |
_aParis: _bpayot, _c1962 |
||
| 300 |
_a331p.; _c23cm. |
||
| 440 |
_aBibliotheque scientifique _932342 |
||
| 650 |
_aSociety primitive _925791 |
||
| 942 |
_2lcc _cMONOGRAPH |
||